[Event "Bayamo"]
[Site "Bayamo"]
[Date "1983.??.??"]
[Round "?"]
[White "Zapata, Alonso"]
[Black "Frey, Kenneth"]
[Result "1-0"]
[WhiteElo "2425"]
[BlackElo "2380"]

1.e4 e5 2.Nf3 Nc6 3.Bb5 a6 4.Ba4 Nf6 5.O-O Be7 6.Re1 b5 7.Bb3 d6 8.c3 O-O
9.h3 Bb7 10.d4 Re8 11.a4 Bf8 12.d5 Ne7 13.Bg5 Ng6 14.axb5 axb5 15.Rxa8 Bxa8
16.Na3 c6 17.dxc6 Bxc6 18.Nc2 Qa8 19.Bxf6 gxf6 20.Nb4 Bxe4 21.Bd5 Bxd5 22.Nxd5 Re6
23.Nc7 Qc6 24.Nxe6 fxe6 25.h4 d5 26.h5 Ne7 27.Qa1 Qb6 28.Qa8 b4 29.Nh2 bxc3
30.bxc3 Qc6 31.Qa5 Qc4 32.Rb1 Qh4 33.Qa6 Kf7 34.Rb6 Qxh5 35.Rxe6 Qf5 36.Rb6 e4
37.Qe2 Bh6 38.Ng4 Bg5 39.Rb5 Qe6 40.Ne3 Kg6 41.Rb7 f5 42.Qb5 Bf6 43.Qe8+ Kg5
44.Rd7 Qe5 45.g3 f4 46.gxf4+ Kxf4 47.Qf7 Qg5+ 48.Kf1 Ke5 49.Rxd5+ Nxd5 50.Qxd5+ Kf4
51.Ng2+ Kg4 52.Qxe4+ Kh5 53.Qxh7+ Kg4 54.Qe4+ Kh3 55.Ne3 Kh2 56.Qh7+  1-0

[Event "Bratislava"]
[Site "Bratislava"]
[Date "1983.??.??"]
[Round "4"]
[White "Mokry, Karel"]
[Black "Smejkal, Jan"]
[Result "1/2-1/2"]
[WhiteElo "2450"]
[BlackElo "2560"]

1.e4 e5 2.Nf3 Nc6 3.Bb5 a6 4.Ba4 Nf6 5.O-O Be7 6.Re1 b5 7.Bb3 d6 8.c3 O-O
9.h3 Bb7 10.d4 Re8 11.Nbd2 Bf8 12.Bc2 Nb8 13.a4 Nbd7 14.b4 Nb6 15.a5 Nbd7
16.Bb2 Rb8 17.Qb1 Nh5 18.Qa2 exd4 19.Bb3 Qf6 20.cxd4 Nf4 21.Re3 d5 22.e5 Qg6
23.g3 Bxb4 24.Kh2 Ne6 25.Bxd5 Bxd5 26.Qxd5 Bxd2 27.Nxd2 Qc2 28.Bc3 b4 29.Ra2  1/2-1/2

[Event "Capablanca mem-A"]
[Site "Cienfuegos"]
[Date "1983.??.??"]
[Round "?"]
[White "Rodriguez, Amador"]
[Black "Rivas Pastor, Manuel"]
[Result "1/2-1/2"]
[WhiteElo "2475"]
[BlackElo "2465"]

1.e4 e5 2.Nf3 Nc6 3.Bb5 a6 4.Ba4 Nf6 5.O-O Be7 6.Re1 b5 7.Bb3 d6 8.c3 O-O
9.h3 Bb7 10.d4 Re8 11.Nbd2 Bf8 12.Bc2 Nb8 13.a4 Nbd7 14.Bd3 c6 15.Nf1 Qc7
16.Ng3 g6 17.Bg5 h6 18.Bd2 Rad8 19.axb5 axb5 20.Qc1 h5 21.Bg5 Bg7 22.b4 Ra8
23.Qd2  1/2-1/2

[Event "Capablanca mem-A"]
[Site "Cienfuegos"]
[Date "1983.??.??"]
[Round "?"]
[White "Diaz, Joaquin C"]
[Black "Rivas Pastor, Manuel"]
[Result "1-0"]
[WhiteElo "2365"]
[BlackElo "2465"]

1.e4 e5 2.Nf3 Nc6 3.Bb5 a6 4.Ba4 Nf6 5.O-O Be7 6.Re1 b5 7.Bb3 d6 8.c3 O-O
9.h3 Bb7 10.d4 Re8 11.Nbd2 Bf8 12.Bc2 g6 13.d5 Ne7 14.b3 c6 15.c4 Qc7 16.Nf1 Rec8
17.Bd3 Bg7 18.Bd2 Nd7 19.Ng3 Nc5 20.Bc2 a5 21.Be3 cxd5 22.cxd5 a4 23.Rc1 axb3
24.Bxb3 Qd7 25.Nh2 Nxb3 26.Qxb3 Ra6 27.Rxc8+ Bxc8 28.Rc1 Ra4 29.f3 h5 30.Nhf1 Kh7
31.Rc2 Bh6 32.Bxh6 Kxh6 33.Qe3+ Kh7 34.Qg5 Rc4 35.Ne3 Rxc2 36.Nxc2 Qa7+ 37.Kh2 Ng8
38.Nb4 Qb7 39.Qd8 Qd7 40.Qb6 h4 41.Ne2 f5 42.Nc3 Nf6 43.Nc6 fxe4 44.fxe4 Qf7
45.Nd8 Ng4+ 46.hxg4 Qf4+ 47.Kh1 Qc1+ 48.Qg1 Qxc3 49.Qa7+ Kg8 50.Qf7+ Kh8
51.Qf6+ Kh7 52.Qxh4+ Kg8 53.Qf6 Qc1+ 54.Kh2 Qh6+ 55.Kg3 Qe3+ 56.Qf3 Qe1+
57.Qf2 Qxf2+ 58.Kxf2 g5 59.Kf3 Kf8 60.Nc6 Ke8 61.Nb4 Kd8 62.Nc2 Kc7 63.Ne3 Kb6
64.a3 Kc5 65.Nf5 Bd7 66.Ke3 Be8 67.Kd3 Bg6 68.g3 Bf7 69.Ng7 Kb6 70.Ne6 Ka5
71.Nd8 Bg6 72.Nb7+ Ka6 73.Nxd6 Bh7 74.Nf7  1-0

[Event "Havana-B"]
[Site "Havana"]
[Date "1983.??.??"]
[Round "10"]
[White "Rodriguez, Amador"]
[Black "Frey, Kenneth"]
[Result "0-1"]
[WhiteElo "2475"]
[BlackElo "2380"]

1.e4 e5 2.Nf3 Nc6 3.Bb5 a6 4.Ba4 Nf6 5.O-O Be7 6.Re1 b5 7.Bb3 d6 8.c3 O-O
9.h3 Bb7 10.d4 Re8 11.Nbd2 Bf8 12.a3 h6 13.Bc2 d5 14.exd5 Qxd5 15.Ne4 exd4
16.Nxf6+ gxf6 17.Be3 Ne5 18.Bxd4 Nxf3+ 19.Qxf3 Qxf3 20.gxf3 Bxf3 21.Re3 Rxe3
22.fxe3 Re8 23.Kf2 Be4 24.Bxe4 Rxe4 25.Bxf6 Re6 26.Bh4 Bc5 27.Re1 f5 28.Bg3 c6
29.Bf4 Kf7 30.Rd1 a5 31.Rd7+ Kg6 32.Ke2 Bxe3 33.Bxe3 f4 34.Rd4 Rxe3+ 35.Kf2 Kf5
36.a4 Ke5 37.axb5 cxb5 38.Rd8 Rxh3 39.Kg2 Rg3+ 40.Kf2 Rh3 41.Kg2 Re3 42.Kf2 Ke4
43.Rd4+ Kf5 44.Rd8 b4 45.Ra8 Rd3 46.Rxa5+ Kg4 47.cxb4 Rd2+ 48.Ke1 Rxb2 49.Ra4 h5
50.Kf1 h4 51.Kg1 h3 52.Ra8 Rg2+ 53.Kh1 f3 54.Rg8+ Kf4 55.Rf8+ Ke3 56.Re8+ Kd2
57.Rd8+ Ke1  0-1

[Event "Helsinki"]
[Site "Helsinki"]
[Date "1983.??.??"]
[Round "6"]
[White "Mortensen, Erling"]
[Black "Westerinen, Heikki MJ"]
[Result "1-0"]
[WhiteElo "2475"]
[BlackElo "2355"]

1.e4 e5 2.Nf3 Nc6 3.Bb5 a6 4.Ba4 Nf6 5.O-O Be7 6.Re1 b5 7.Bb3 d6 8.c3 O-O
9.h3 Bb7 10.d4 Re8 11.Nbd2 Bf8 12.a3 h6 13.Ba2 Qd7 14.b4 exd4 15.cxd4 d5
16.e5 Ne4 17.Qc2 Nxd2 18.Bxd2 a5 19.Bb1 g6 20.Qc1 Kh7 21.bxa5 Re6 22.Ra2 Nxa5
23.Bb4 Bg7 24.Nh4 c5 25.Bxa5 Rxa5 26.Qxc5 Ra4 27.Bd3 Ba6 28.Rb2 Rc6 29.Bxb5 Bxb5
30.Qxb5 Rxd4 31.Nf3 Rdc4 32.Rd2 R4c5 33.Qb3 Ra6 34.Red1 Raa5 35.Rd4 Qa7 36.a4 Qd7
37.Rb4 Qe8 38.Rb7 Rc4 39.Rxd5 Raxa4 40.Rdd7 Rf4 41.g3 Rab4 42.Rxb4 Rxb4 43.Qxf7 Qxf7
44.Rxf7 g5 45.Rf5 Ra4 46.Kg2 Kg8 47.h4  1-0

[Event "Netanya"]
[Site "Netanya"]
[Date "1983.??.??"]
[Round "4"]
[White "Murrey, Jacob"]
[Black "Greenfeld, Alon"]
[Result "1/2-1/2"]
[WhiteElo "2500"]
[BlackElo "2460"]

1.e4 e5 2.Nf3 Nc6 3.Bb5 a6 4.Ba4 Nf6 5.O-O Be7 6.Re1 b5 7.Bb3 d6 8.c3 O-O
9.h3 Bb7 10.d4 Re8 11.Bg5 Nd7 12.Bxe7 Qxe7 13.d5 Na5 14.Bc2 c6 15.dxc6 Bxc6
16.a4 Nc4 17.b3 Ncb6 18.a5 Nc8 19.Nbd2 Qf6 20.Nf1 Ne7 21.Ne3 Nc5 22.Nd5 Bxd5
23.exd5 Ng6 24.b4 Nd7 25.Nd2 Nf4 26.Ne4 Qe7 27.h4 g6 28.g3 Nh5 29.c4 bxc4
30.Ba4 f5 31.Ng5 e4 32.Bxd7 Qxd7 33.Qd4 Qa7 34.Qxc4 Nxg3 35.Rac1 Nh5 36.Qc7 Qxc7
37.Rxc7 Nf6 38.Rd1 Re5 39.Rdc1 h6 40.Nf7 Nxd5 41.Nxh6+ Kh8 42.Nf7+ Kg8 43.Nh6+ Kh8
44.Nf7+ Kg8 45.Nxe5 Nxc7 46.Nxg6 Kf7 47.Rxc7+ Kxg6 48.Rd7 Kh5 49.Rxd6 Kxh4
50.Rg6  1/2-1/2

[Event "Sarajevo"]
[Site "Sarajevo"]
[Date "1983.??.??"]
[Round "?"]
[White "Ivanovic, Bozidar"]
[Black "Smejkal, Jan"]
[Result "1-0"]
[WhiteElo "2480"]
[BlackElo "2560"]

1.e4 e5 2.Nf3 Nc6 3.Bb5 a6 4.Ba4 Nf6 5.O-O Be7 6.Re1 b5 7.Bb3 d6 8.c3 O-O
9.h3 Bb7 10.d4 Re8 11.a4 h6 12.d5 Na5 13.Ba2 c6 14.Na3 Qc7 15.Nh4 cxd5 16.exd5 Nc4
17.axb5 Nxa3 18.bxa3 axb5 19.Nf5 Bc8 20.Nxe7+ Qxe7 21.c4 bxc4 22.Bxc4 Ba6
23.Bb3 Nd7 24.Ba4 Rec8 25.Bc6 Ra7 26.Be3 Nc5 27.Rb1 Rd8 28.Qf3 Bc8 29.Bxc5 dxc5
30.Qc3 f6 31.f4 Bf5 32.Rb5 e4 33.Rxc5 Qd6 34.Qe3 Rb8 35.Rec1 h5 36.Bb5 Kh7
37.a4 Bg6 38.Rc6 Qe7 39.d6 Qf7 40.Rc7 Rxc7 41.dxc7 Rc8 42.Qc5 Qe6 43.Bc4  1-0

[Event "Tatran Cup"]
[Site "Stary Smokovec"]
[Date "1983.??.??"]
[Round "3"]
[White "Banas, Jan"]
[Black "Franzen, Josef"]
[Result "1/2-1/2"]
[WhiteElo "2330"]
[BlackElo "2330"]

1.e4 e5 2.Nf3 Nc6 3.Bb5 a6 4.Ba4 Nf6 5.O-O Be7 6.Re1 b5 7.Bb3 d6 8.c3 O-O
9.h3 Bb7 10.d4 Re8 11.Ng5 Rf8 12.Nf3 Re8 13.a4 h6 14.Nbd2 Bf8 15.d5 Nb8 16.Qe2 c6
17.dxc6 Bxc6 18.axb5 Bxb5 19.Qd1 Qc7 20.Nf1 Nbd7 21.Ng3 Nc5 22.Bc2 Rad8 23.b4 Ncd7
24.Bb2 Nb6 25.Nd2 d5 26.Qb1 d4 27.cxd4 Bxb4 28.Rd1 Bxd2 29.Rxd2 Nc4 30.Rd1 Nxb2
31.Qxb2 exd4 32.Rac1 Qf4 33.Bd3 Bxd3 34.Rxd3 Nxe4 35.Rcd1 Nxg3 36.fxg3 Qg5
37.Qf2 Re4 38.Rf3 Qd5 39.Rdd3 Qc4 40.Qd2 Rde8 41.Rf2 R8e7 42.Kh2 a5 43.Ra3 Re2
44.Rxe2 Rxe2 45.Qxa5 Qc2 46.Qd5 Kh7 47.Ra7 f6 48.g4 Rd2 49.Rd7 Rd1 50.Qf7 Qg6
51.Qb3 Rd3 52.Qd5 Rd1 53.Rd8  1/2-1/2

[Event "URS-FL"]
[Site "Tallinn"]
[Date "1983.??.??"]
[Round "?"]
[White "Yurtaev, Leonid"]
[Black "Podgaets, Mikhail"]
[Result "1/2-1/2"]
[WhiteElo "2360"]
[BlackElo "2450"]

1.e4 e5 2.Nf3 Nc6 3.Bb5 a6 4.Ba4 Nf6 5.O-O Be7 6.Re1 b5 7.Bb3 d6 8.c3 O-O
9.h3 Bb7 10.d4 Re8 11.Nbd2 Bf8 12.a4 h6 13.Bc2 Nb8 14.Bd3 c6 15.Nf1 Nbd7
16.Ng3 g6 17.Qb3 Rb8 18.Qa2 Ba8 19.b4 Qc7 20.Bd2 c5 21.d5 c4 22.Bc2 h5 23.Qb2 Bb7
24.axb5 axb5 25.Ra5 Bc8 26.Rea1 Nh7 27.Be3 Ndf6 28.Qc1 Bd7 29.Ra7 Rb7 30.Rxb7 Qxb7
31.Ra7 Qc8 32.Kh2 Be7 33.Qa1 Bd8 34.Ra8 Qb7 35.Qa7 Qxa7 36.Rxa7 Be7 37.Nd2 Bf8
38.Nb1 Rb8 39.Na3 h4 40.Ne2 g5 41.f3 Bh6  1/2-1/2

[Event "URS-FL"]
[Site "Tallinn"]
[Date "1983.??.??"]
[Round "?"]
[White "Guseinov, Aidyn"]
[Black "Polovodin, Igor A"]
[Result "1/2-1/2"]
[WhiteElo "2200"]
[BlackElo "2435"]

1.e4 e5 2.Nf3 Nc6 3.Bb5 a6 4.Ba4 Nf6 5.O-O Be7 6.Re1 b5 7.Bb3 d6 8.c3 O-O
9.h3 Bb7 10.d4 Re8 11.Nbd2 Bf8 12.a4 h6 13.Bc2 Qd7 14.d5 Ne7 15.c4 c6 16.b3 Ng6
17.Bd3 Nf4 18.Bf1 b4 19.dxc6 Bxc6 20.Bb2 Ne6 21.Bd3 Nc5 22.Bc2 Qb7 23.Qe2 Nh5
24.g3 Nf6 25.Nh4 Re6 26.Kh2 Rae8 27.Ng2 Nh7 28.Rad1 g6  1/2-1/2

[Event "Tilburg"]
[Site "Tilburg"]
[Date "1983.??.??"]
[Round "?"]
[White "Spassky, Boris V"]
[Black "Karpov, Anatoly"]
[Result "1/2-1/2"]
[WhiteElo "2605"]
[BlackElo "2710"]

1.e4 e5 2.Nf3 Nc6 3.Bb5 a6 4.Ba4 Nf6 5.O-O Be7 6.Re1 b5 7.Bb3 d6 8.c3 O-O
9.h3 Bb7 10.d4 Re8 11.Ng5 Rf8 12.Nf3 Re8 13.Nbd2 Bf8 14.Bc2 Nb8 15.a4 Nbd7
16.Bd3 exd4 17.cxd4 c5 18.axb5 axb5 19.Rxa8 Bxa8 20.Bxb5 Nxe4 21.Nxe4 Rxe4
22.Rxe4 Bxe4 23.Ng5 Bg6 24.Bxd7 Qxd7 25.dxc5 Bf5 26.cxd6 Bxd6 27.Qf3 h6 28.Ne4 Be5
29.Nc3 Qd3 30.Qxd3 Bxd3 31.Nd5 f6 32.Ne7+ Kf7 33.Nc6 Ke6 34.Nxe5 Kxe5 35.f3 h5
36.Be3 h4  1/2-1/2

[Event "Tilburg"]
[Site "Tilburg"]
[Date "1983.??.??"]
[Round "?"]
[White "Ljubojevic, Ljubomir"]
[Black "Portisch, Lajos"]
[Result "1/2-1/2"]
[WhiteElo "2645"]
[BlackElo "2600"]

1.e4 e5 2.Nf3 Nc6 3.Bb5 a6 4.Ba4 Nf6 5.O-O Be7 6.Re1 b5 7.Bb3 d6 8.c3 O-O
9.h3 Bb7 10.d4 Re8 11.Nbd2 Bf8 12.Bc2 Nb8 13.b3 Nbd7 14.d5 c6 15.c4 Qc7 16.Nf1 Rec8
17.Ne3 g6 18.Bd2 Nc5 19.Ng4 Nxg4 20.hxg4 cxd5 21.cxd5 Na4 22.Bd3 Nb2 23.Qb1 Nxd3
24.Qxd3 f6 25.Nh2 Be7 26.Nf1 Qd7 27.Ne3 Bd8 28.Kh2 a5 29.b4 a4 30.Kg3 Bb6
31.Rh1 Ba6 32.Rh6 Rf8 33.Rah1 Rf7 34.Rc1  1/2-1/2

[Event "Trnava"]
[Site "Trnava"]
[Date "1983.??.??"]
[Round "?"]
[White "Dobrovolsky, Ladislav"]
[Black "Plachetka, Jan"]
[Result "1/2-1/2"]
[WhiteElo "2385"]
[BlackElo "2455"]

1.e4 e5 2.Nf3 Nc6 3.Bb5 a6 4.Ba4 Nf6 5.O-O Be7 6.Re1 b5 7.Bb3 O-O 8.c3 d6
9.h3 Bb7 10.d4 Re8 11.Nbd2 Bf8 12.a3 h6 13.Ba2 Nb8 14.b4 Nbd7 15.Bb2 g6 16.Qb1 Bg7
17.c4  1/2-1/2

[Event "Tirnavia-B"]
[Site "Trnava"]
[Date "1983.??.??"]
[Round "6"]
[White "Mokry, Karel"]
[Black "Franzen, Josef"]
[Result "1/2-1/2"]
[WhiteElo "2435"]
[BlackElo "2345"]

1.e4 e5 2.Nf3 Nc6 3.Bb5 a6 4.Ba4 Nf6 5.O-O Be7 6.Re1 b5 7.Bb3 d6 8.c3 O-O
9.h3 Bb7 10.d4 Re8 11.Ng5 Rf8 12.Nf3 Re8 13.Nbd2 Bf8 14.Bc2 g6 15.d5 Nb8
16.b3 c6 17.c4 Nbd7 18.Nf1 Qc7 19.Bg5 h6 20.Be3 Rec8 21.Rc1 Qd8 22.Bd3 bxc4
23.bxc4 cxd5 24.cxd5 Rxc1 25.Qxc1 Rc8 26.Qb1 Rc7 27.Rc1 Rxc1 28.Qxc1 Bxd5
29.exd5 e4 30.Be2 exf3 31.Bxf3 Ne5 32.Be2 Nxd5 33.Bxa6 Qa5 34.Qd2  1/2-1/2

[Event "Candidats (Women) qf3"]
[Site "Velden"]
[Date "1983.??.??"]
[Round "8"]
[White "Liu Shilan"]
[Black "Ioseliani, Nana"]
[Result "1/2-1/2"]
[WhiteElo "2205"]
[BlackElo "2295"]

1.e4 e5 2.Nf3 Nc6 3.Bb5 a6 4.Ba4 Nf6 5.O-O Be7 6.Re1 b5 7.Bb3 d6 8.c3 O-O
9.h3 Bb7 10.d4 Re8 11.Nbd2 Bf8 12.a3 h6 13.Ba2 Nb8 14.Qc2 Nbd7 15.b4 c5 16.d5 c4
17.a4 Nh5 18.Nf1 Nf4 19.Ne3 g6 20.Bd2 Bg7 21.Kh2 Nd3 22.Re2 Nf4 23.Ree1 Nd3
24.Re2 Nf4 25.Ree1 Nd3 26.Re2  1/2-1/2

[Event "Vrsac"]
[Site "Vrsac"]
[Date "1983.??.??"]
[Round "?"]
[White "Ivanovic, Bozidar"]
[Black "Smejkal, Jan"]
[Result "1/2-1/2"]
[WhiteElo "2515"]
[BlackElo "2560"]

1.e4 e5 2.Nf3 Nc6 3.Bb5 a6 4.Ba4 Nf6 5.O-O Be7 6.Re1 b5 7.Bb3 d6 8.c3 O-O
9.h3 Bb7 10.d4 Re8 11.Nbd2 Bf8 12.a3 h6 13.Bc2 Nb8 14.b3 Nbd7 15.Bb2 c6 16.c4 exd4
17.Bxd4 g6 18.Qb1 Bg7 19.b4 Rb8 20.Qa2 c5 21.Bb2 Qc7 22.bxc5 Nxc5 23.cxb5 Ncxe4
24.Bxe4 Nxe4 25.Bxg7 Kxg7 26.bxa6 Nc3 27.Qc4 Qxc4 28.Nxc4 Bxf3 29.gxf3 d5
30.Rxe8 Rxe8 31.Nb6 Re7 32.Kf1 Ra7 33.a4 Kf6 34.a5 Rxa6 35.Ke1 Ke5 36.Kd2 Nb5
37.Ke3 Na7 38.f4+ Kd6 39.Rd1 Nc6 40.f5 d4+ 41.Kf4 gxf5 42.Nc4+ Kc5 43.Rc1 Nb4
44.Nb2+ Kd5 45.Rc7 Rxa5 46.Rb7 Kc5 47.Rxf7 Ra2 48.Rxf5+ Kc6 49.Nc4 Rxf2+
50.Ke4 Rxf5 51.Kxf5 Kc5 52.Nb2 Nd5 53.Ke4 Nc3+ 54.Ke5 Ne2 55.Ke4 Ng3+ 56.Kf4 Ne2+
57.Ke4 Nc3+ 58.Ke5 Nb5 59.h4 Kb4 60.Ke4 Kb3 61.Nd1 Kc2 62.Nf2 Kc3 63.h5 Nd6+
64.Ke5 Nc4+ 65.Kf5 Ne3+ 66.Kg6  1/2-1/2

[Event "Warsaw"]
[Site "Warsaw"]
[Date "1983.??.??"]
[Round "1"]
[White "Kindermann, Stefan"]
[Black "Dorfman, Josif D"]
[Result "0-1"]
[WhiteElo "2440"]
[BlackElo "2540"]

1.e4 e5 2.Nf3 Nc6 3.Bb5 a6 4.Ba4 Nf6 5.O-O Be7 6.Re1 b5 7.Bb3 d6 8.c3 O-O
9.h3 Bb7 10.d4 Re8 11.Nbd2 Bf8 12.a4 h6 13.Bc2 exd4 14.cxd4 Nb4 15.Bb1 c5
16.d5 g6 17.Nf1 Bg7 18.Ng3 bxa4 19.Rxa4 a5 20.Ra3 Ba6 21.Nh2 c4 22.Bd2 Bb5
23.Bc3 Nd3 24.Bxd3 cxd3 25.Qd2 a4 26.Nf3 Rc8 27.Nd4 Qb6 28.Raa1 Nd7 29.Qe3 Rc4
30.Nxb5 Qxb5 31.Bxg7 Kxg7 32.Qxd3 Nc5 33.Qe2 Rb4 34.Qg4 Qd7 35.Nh5+ Kf8 36.Qf4 gxh5
37.Qxh6+ Ke7 38.Qg5+ f6 39.Qg7+ Kd8 40.Qxf6+ Qe7 41.Qc3 Rb3 42.Qc2 Qf6 43.e5 Rxe5
44.Rxe5 Qxe5 45.Rxa4 Nxa4 46.Qxb3 Nxb2 47.g3 Qe1+ 48.Kg2 Qe4+ 49.Qf3 Qxf3+
50.Kxf3 Ke7 51.g4 hxg4+ 52.hxg4 Kf6 53.Ke4 Kg5 54.f3 Nc4 55.Kd4 Ne5 56.Ke4 Nd7
57.Ke3 Nf6 58.Kd4 Kf4 59.Kc4 Kxf3 60.g5 Nh5 61.Kb5 Ke4  0-1

[Event "Warsaw"]
[Site "Warsaw"]
[Date "1983.??.??"]
[Round "6"]
[White "Georgiev, Krum"]
[Black "Szymczak, Zbigniew"]
[Result "1-0"]
[WhiteElo "2440"]
[BlackElo "2460"]

1.e4 e5 2.Nf3 Nc6 3.Bb5 a6 4.Ba4 Nf6 5.O-O Be7 6.Re1 b5 7.Bb3 d6 8.c3 O-O
9.h3 Bb7 10.d4 Re8 11.Nbd2 Bf8 12.Bc2 h6 13.d5 Nb8 14.b3 c6 15.c4 cxd5 16.cxd5 Nbd7
17.a4 bxa4 18.Rxa4 Qc7 19.Nc4 Nb6 20.Nxb6 Qxb6 21.Be3 Qc7 22.Nd2 Reb8 23.Bd3 Bc8
24.Qe2 a5 25.Rea1 Bd7 26.R4a3 Rb4 27.Nc4 Rab8 28.Rc1 Qd8 29.Qc2 a4 30.bxa4 Qe8
31.a5 Ba4 32.Qd2 Bb3 33.Nb6  1-0

[Event "Beersheba"]
[Site "Beersheba"]
[Date "1984.??.??"]
[Round "7"]
[White "Liberzon, Vladimir M"]
[Black "Shvidler, Eliahu"]
[Result "1-0"]
[WhiteElo "2455"]
[BlackElo "2445"]

1.e4 e5 2.Nf3 Nc6 3.Bb5 a6 4.Ba4 Nf6 5.O-O Be7 6.Re1 b5 7.Bb3 d6 8.c3 O-O
9.h3 Bb7 10.d4 Re8 11.Nbd2 Bf8 12.Bc2 Nb8 13.b3 Nbd7 14.d5 c6 15.c4 a5 16.Nf1 g6
17.Be3 Qc7 18.Rc1 bxc4 19.bxc4 Reb8 20.Ng3 Ba6 21.Ba4 c5 22.Bc6 Ra7 23.Nd2 Rb6
24.Ne2 Rxc6 25.dxc6 Qxc6 26.Nc3 Nb6 27.a4 Ra8 28.Nb5 Bb7 29.f3 Bc8 30.Bg5 Ne8
31.Nf1 Ng7 32.Bh6 Be6 33.Ne3 Be7 34.Re2 f5 35.Nd5 Bxd5 36.cxd5 Qd7 37.Bxg7 Kxg7
38.Rb1 Rf8 39.Nc3 Bd8 40.Rb5 fxe4 41.Nxe4 Nc8 42.Reb2  1-0

[Event "BCF-ch"]
[Site "Brighton"]
[Date "1984.??.??"]
[Round "7"]
[White "Kosten, Anthony C"]
[Black "Lane, Gary W"]
[Result "1-0"]
[WhiteElo "2420"]
[BlackElo "2310"]

1.e4 e5 2.Nf3 Nc6 3.Bb5 a6 4.Ba4 Nf6 5.O-O Be7 6.Re1 b5 7.Bb3 d6 8.c3 O-O
9.h3 Bb7 10.d4 Re8 11.Nbd2 Bf8 12.d5 Nb8 13.Nf1 h6 14.Ng3 Nbd7 15.a4 c6 16.dxc6 Bxc6
17.Bc2 Qc8 18.Nh4 Qb7 19.Nhf5 d5 20.axb5 axb5 21.Rxa8 Qxa8 22.exd5 Bxd5 23.Ne3 Bc6
24.b4 g6 25.Bb3 h5 26.Qc2 e4 27.Bb2 Ne5 28.Ra1 Qb7 29.c4 Bxb4 30.Bd4 Qd7
31.Rd1 Qb7 32.Rb1 h4 33.Ne2 Qe7 34.Nf4 Bd6 35.cxb5 Bxb5 36.Nxg6 Nxg6 37.Nf5 Qd7
38.Bxf7+ Kxf7 39.Rxb5 Be5 40.Qb3+ Qe6 41.Rb7+ Nd7 42.Rxd7+ Kf6 43.Rd6 Kxf5
44.Rxe6 Rxe6 45.Bxe5 Rxe5 46.Kf1 Kf6 47.Qe3 Re8 48.f3 Kf5 49.Qc5+ Re5 50.fxe4+ Kg5
51.Qe3+ Kh5 52.Kf2 Rg5 53.Qf3+ Kh6 54.Qf6 Kh5 55.Qg7 Ra5 56.Ke3 Ra3+ 57.Kd4 Rg3
58.Qf6 Kh6 59.Qf2 Ra3 60.Qc2 Ra8 61.e5 Rd8+ 62.Ke4 Re8 63.Qd2+ Kg7 64.Qd6 Rf8
65.e6 Rf1 66.Qd2 Kf6 67.Kd5 Ke7 68.Qb4+ Kd8 69.Qd6+ Ke8 70.Qd7+ Kf8 71.Qd8+ Kg7
72.e7 Rd1+ 73.Kc5  1-0

[Event "Hamburg op"]
[Site "Hamburg"]
[Date "1984.??.??"]
[Round "8"]
[White "Lau, Ralf"]
[Black "Hazai, Laszlo"]
[Result "1/2-1/2"]
[WhiteElo "2400"]
[BlackElo "2465"]

1.e4 e5 2.Nf3 Nc6 3.Bb5 a6 4.Ba4 Nf6 5.O-O Be7 6.Re1 b5 7.Bb3 d6 8.c3 O-O
9.h3 Bb7 10.d4 Re8 11.a4 h6 12.Nbd2 Bf8 13.d5 Ne7 14.c4 c6 15.dxc6 Nxc6 16.axb5 axb5
17.Rxa8 Qxa8 18.cxb5 Nb4 19.Nh4 Na2 20.Ng6 Nxc1 21.Qxc1 Nxe4 22.Nxe4 Bxe4
23.Nxf8 Rxf8 24.f3 Bd5 25.Bxd5 Qxd5 26.Rd1  1/2-1/2

[Event "ISR-ch"]
[Site "?"]
[Date "1984.??.??"]
[Round "?"]
[White "Gruenfeld, Yehuda"]
[Black "Kraidman, Yair"]
[Result "1-0"]
[WhiteElo "2435"]
[BlackElo "2410"]

1.e4 e5 2.Nf3 Nc6 3.Bb5 a6 4.Ba4 Nf6 5.O-O Be7 6.Re1 b5 7.Bb3 d6 8.c3 O-O
9.h3 Bb7 10.d4 Re8 11.a4 h6 12.Nbd2 Bf8 13.Bc2 exd4 14.cxd4 Nb4 15.Bb1 c5
16.d5 g6 17.Nf1 Bg7 18.axb5 axb5 19.Rxa8 Qxa8 20.Bf4 Qa6 21.Qd2 Kh7 22.Ng3 Nd7
23.h4 h5 24.Nxh5 gxh5 25.e5+ Kg8 26.e6 Ne5 27.Nxe5 dxe5 28.Bxe5 Nxd5 29.Bxg7 Rxe6
30.Be5 f6 31.Bg3 Kf7 32.Kh2 Ne7 33.Rxe6 Qxe6 34.Qh6 Qe2 35.Bd6 Ke6 36.Qf4 Qxb2
37.Bxe7 Kxe7 38.Qc7+ Ke6 39.Qb6+ Ke5 40.Qxc5+ Bd5 41.Bg6 Ke6 42.Qc8+ Kd6
43.Qf8+ Kc7 44.Qc5+ Bc6 45.Bxh5 b4 46.Bg6 Qc3 47.Qe7+ Bd7 48.h5 b3 49.h6 b2
50.h7 Qd4 51.Qe4 Qd6+ 52.g3 Qf8 53.Qf4+ Kb6 54.Qd4+ Kc7 55.Qa7+  1-0

[Event "ISR-ch"]
[Site "?"]
[Date "1984.??.??"]
[Round "?"]
[White "Gruenfeld, Yehuda"]
[Black "Shterenberg, Pavel"]
[Result "1-0"]
[WhiteElo "2435"]
[BlackElo "2320"]

1.e4 e5 2.Nf3 Nc6 3.Bb5 a6 4.Ba4 Nf6 5.O-O Be7 6.Re1 b5 7.Bb3 O-O 8.c3 d6
9.h3 Bb7 10.d4 Re8 11.a4 h6 12.Nbd2 Bf8 13.Bc2 exd4 14.cxd4 Nb4 15.Bb1 c5
16.d5 g6 17.Nf1 Bg7 18.axb5 axb5 19.Rxa8 Bxa8 20.Bd2 Na6 21.Qc1 h5 22.Bh6 Bh8
23.Ng3 c4 24.Qf4 Nc5 25.Bg5 Bg7 26.Rd1 Na4 27.Rd2 Qe7 28.Kh2 b4 29.Nd4 c3
30.bxc3 Nxc3 31.Bc2 Rc8 32.Qh4 Rc4 33.Bb3 Rc5 34.f4 Rc7 35.Nf3 Ng4+ 36.hxg4 f6
37.gxh5 fxg5 38.Nxg5 Bf6 39.hxg6  1-0

[Event "JUG-ch"]
[Site "?"]
[Date "1984.??.??"]
[Round "15"]
[White "Simic, Radoslav"]
[Black "Rajkovic, Dusan"]
[Result "1/2-1/2"]
[WhiteElo "2485"]
[BlackElo "2440"]

1.e4 e5 2.Nf3 Nc6 3.Bb5 a6 4.Ba4 Nf6 5.O-O Be7 6.Re1 b5 7.Bb3 d6 8.c3 O-O
9.h3 Bb7 10.d4 Re8 11.Nbd2 Bf8 12.Ng5 Re7 13.Ngf3  1/2-1/2

[Event "JUG-ch"]
[Site "?"]
[Date "1984.??.??"]
[Round "16"]
[White "Ivanovic, Bozidar"]
[Black "Gligoric, Svetozar"]
[Result "1/2-1/2"]
[WhiteElo "2525"]
[BlackElo "2510"]

1.e4 e5 2.Nf3 Nc6 3.Bb5 a6 4.Ba4 Nf6 5.O-O Be7 6.Re1 b5 7.Bb3 d6 8.c3 O-O
9.h3 Bb7 10.d4 Re8 11.Nbd2 Bf8 12.a4 h6 13.axb5 axb5 14.Rxa8 Qxa8 15.d5 Ne7  1/2-1/2

[Event "SWE-ch"]
[Site "Linkoping"]
[Date "1984.??.??"]
[Round "?"]
[White "Ernst, Thomas"]
[Black "Ornstein, Axel"]
[Result "0-1"]
[WhiteElo "2415"]
[BlackElo "2405"]

1.e4 e5 2.Nf3 Nc6 3.Bb5 a6 4.Ba4 Nf6 5.O-O Be7 6.Re1 b5 7.Bb3 O-O 8.c3 d6
9.h3 Bb7 10.d4 Re8 11.Nbd2 Bf8 12.a3 h6 13.Bc2 Nb8 14.b4 Nbd7 15.Bb2 g6 16.Qb1 Bg7
17.Nb3 Rc8 18.a4 d5 19.Nxe5 Nxe4 20.f3 Nd6 21.f4 Ba8 22.Rf1 Ne4 23.Qd1 Nb6
24.Na5 Nc4 25.Naxc4 dxc4 26.Re1 Nf6 27.f5 g5 28.axb5 axb5 29.Qd2 Bd5 30.Qf2 Ra8
31.h4 Rxa1 32.Bxa1 Nh5 33.Ng4 Rxe1+ 34.Qxe1 gxh4 35.Ne3 Bb7 36.Bb2 Nf4 37.Bc1 Qg5
38.Qf1 h3 39.Nxc4 Ne2+ 40.Qxe2 Qxc1+  0-1

[Event "London"]
[Site "London"]
[Date "1984.??.??"]
[Round "?"]
[White "Karpov, Anatoly"]
[Black "Miles, Anthony J"]
[Result "1-0"]
[WhiteElo "2700"]
[BlackElo "2610"]

1.e4 e5 2.Nf3 Nc6 3.Bb5 a6 4.Ba4 Nf6 5.O-O Be7 6.Re1 b5 7.Bb3 d6 8.c3 O-O
9.h3 Bb7 10.d4 Re8 11.a4 Bf8 12.d5 Na5 13.Ba2 c6 14.Na3 cxd5 15.exd5 bxa4
16.Qxa4 Nxd5 17.Ng5 Re7 18.b4 Nxc3 19.Qc2 g6 20.Qxc3 Rc8 21.Qg3 Nc6 22.Qh4 h5
23.Qe4 Bg7 24.Qxg6 d5 25.Qh7+ Kf8 26.Ne4 Re6 27.Nc5 Rg6 28.Nxb7 Qd7 29.Qxh5 Nxb4
30.Na5 Nd3 31.Bd2 Qa4 32.Qf5  1-0

[Event "Neskaupstad"]
[Site "Neskaupstad"]
[Date "1984.??.??"]
[Round "?"]
[White "Sigurjonsson, Gudmundur"]
[Black "Hjartarson, Johann"]
[Result "1/2-1/2"]
[WhiteElo "2470"]
[BlackElo "2415"]

1.e4 e5 2.Nf3 Nc6 3.Bb5 a6 4.Ba4 Nf6 5.O-O Be7 6.Re1 b5 7.Bb3 d6 8.c3 O-O
9.h3 Bb7 10.d4 Re8 11.Nbd2 Bf8 12.Bc2 Nb8 13.b3 Nbd7 14.d5 c6 15.c4 Qc7 16.a4 Rec8
17.Ra2 bxc4 18.bxc4 a5 19.Nb1 Ba6 20.Na3 Rab8 21.Bd2 cxd5 22.cxd5 Nc5 23.Nh2 Rb7
24.Qf3 Rcb8 25.Rc1 Qd7 26.Ng4 Be7 27.Bxa5 Nb3 28.Nxf6+ Bxf6 29.Bxb3 Rxb3
30.Qd1 Qxa4 31.Bc7 Bg5 32.Rca1 Qxe4 33.Bxb8 Rxb8 34.Nb1 Bc4 35.Ra8 Rf8 36.Nc3 Qd4
37.Qf3 h6 38.R1a7 Bf4 39.g3 Bd3 40.gxf4 Qxc3 41.Rxf8+ Kxf8 42.fxe5 Qe1+ 43.Kh2 Qxe5+
44.Qg3 Qxd5 45.Rd7 Bc4 46.Rxd6 Qg5 47.Rc6 Qxg3+ 48.fxg3 Be6 49.h4 h5 50.Kg1 g6
51.Kf2 Kg7 52.Ke3 Bd5 53.Rb6 Be6 54.Kf4 Bf5 55.Ke5 Be6  1/2-1/2

[Event "Plovdiv"]
[Site "Plovdiv"]
[Date "1984.??.??"]
[Round "6"]
[White "Tringov, Georgi P"]
[Black "Hazai, Laszlo"]
[Result "1/2-1/2"]
[WhiteElo "2435"]
[BlackElo "2460"]

1.e4 e5 2.Nf3 Nc6 3.Bb5 a6 4.Ba4 Nf6 5.O-O Be7 6.Re1 b5 7.Bb3 d6 8.c3 O-O
9.h3 Bb7 10.d4 Re8 11.Nbd2 Bf8 12.Bc2 Nb8 13.a4 Nbd7 14.b3 g6 15.d5 c6 16.c4 Qc7
17.Nf1 Rec8  1/2-1/2

[Event "Plovdiv"]
[Site "Plovdiv"]
[Date "1984.??.??"]
[Round "10"]
[White "Kindermann, Stefan"]
[Black "Hazai, Laszlo"]
[Result "1/2-1/2"]
[WhiteElo "2470"]
[BlackElo "2460"]

1.e4 e5 2.Nf3 Nc6 3.Bb5 a6 4.Ba4 Nf6 5.O-O Be7 6.Re1 b5 7.Bb3 d6 8.c3 O-O
9.h3 Bb7 10.d4 Re8 11.a4 h6 12.Nbd2 Bf8 13.d5 Nb8 14.c4 c6 15.axb5 axb5 16.Rxa8 Bxa8
17.dxc6 bxc4 18.Nxc4 Nxc6 19.Ba4 Qc7  1/2-1/2

[Event "Plovdiv"]
[Site "Plovdiv"]
[Date "1984.??.??"]
[Round "13"]
[White "Tringov, Georgi P"]
[Black "Georgiev, Kiril"]
[Result "1/2-1/2"]
[WhiteElo "2435"]
[BlackElo "2430"]

1.e4 e5 2.Nf3 Nc6 3.Bb5 a6 4.Ba4 Nf6 5.O-O Be7 6.Re1 b5 7.Bb3 d6 8.c3 O-O
9.h3 Bb7 10.d4 Re8 11.dxe5 Nxe5 12.Nxe5 dxe5  1/2-1/2